E-learning 2011 (observations from Online Educa 2010)
Konferencia Online Educa, ktorá sa konala v Berlíne začiatkom decembra 2010. Niektoré výsledky a hlavné myšlienky súčasného vývoja e-learningu v ČR. Nové technológie vzdelávania na školách. Podpora celoživotného vzdelávania a prispôsobenie sa rastúcej dynamike globálneho vývoja.
Na minha lista:
| Autor principal: | |
|---|---|
| Formato: | Capítulo de Livro |
| Idioma: | inglês |
| Assuntos: | |
| Tags: |
Sem tags, seja o primeiro a adicionar uma tag!
|
MARC
| LEADER | 00000naa a2200000 4500 | ||
|---|---|---|---|
| 001 | 0134389 | ||
| 005 | 20231010125519.8 | ||
| 041 | 0 | |a eng | |
| 044 | |a SK | ||
| 245 | 1 | 0 | |a E-learning 2011 (observations from Online Educa 2010) |c Jiří Pavlíček |
| 520 | |a Konferencia Online Educa, ktorá sa konala v Berlíne začiatkom decembra 2010. Niektoré výsledky a hlavné myšlienky súčasného vývoja e-learningu v ČR. Nové technológie vzdelávania na školách. Podpora celoživotného vzdelávania a prispôsobenie sa rastúcej dynamike globálneho vývoja. | ||
| 610 | 2 | 0 | |a Česko |
| 610 | 2 | 0 | |a školstvo |
| 610 | 2 | 0 | |a školy |
| 610 | 2 | 0 | |a vzdelávanie elektronické |
| 610 | 2 | 0 | |a vzdelávanie celoživotné |
| 610 | 2 | 0 | |a gramotnosť informačná |
| 610 | 2 | 0 | |a technológie informačné |
| 610 | 2 | 0 | |a technológie komunikačné |
| 610 | 2 | 0 | |a konferencie |
| 100 | 1 | |a Pavlíček, Jiří | |